| 000 | 00777cam a22002771 4500 | ||
|---|---|---|---|
| 001 | 9858194 | ||
| 003 | NUST | ||
| 005 | 20231212115236.0 | ||
| 008 | 761217t19641963nyu 000 0 eng | ||
| 010 | _a 64013613 | ||
| 035 | _a(OCoLC)2631896 | ||
| 040 |
_aDLC _cO _dDLC |
||
| 041 | 1 |
_aeng _hfre |
|
| 042 | _apremarc | ||
| 050 | 0 | 0 |
_aBP161.2 _b.S313 1964 |
| 082 |
_a297 _bSCH |
||
| 100 | 1 |
_aSchuon, Frithjof, _d1907-1998. _96063 |
|
| 240 | 1 | 0 |
_aComprendre l'Islam. _lEnglish |
| 245 | 1 | 0 |
_aUnderstanding Islam / _cTranslated by D. M. Matheson. |
| 260 |
_aNew York : _bRoy Publishers, _c[1964,c1963]. |
||
| 300 |
_a159 p. _c23 cm. |
||
| 504 | _aBibliographical footnotes. | ||
| 650 | 0 | _aIslam. | |
| 906 |
_a7 _bcbc _coclcrpl _du _encip _f19 _gy-gencatlg |
||
| 942 |
_2ddc _cBK |
||
| 999 |
_c592091 _d592091 |
||